Phê bình - bình luận văn học : Lưu Trọng Lư, Thế Lữ (Tuyển chọn và trích dẫn những bài phê bình - bình luận văn học của các nhà văn, nhà n/c của VN và TG)
Đã lưu trong:
| Định dạng: | Sách giấy |
|---|---|
| Ngôn ngữ: | Vietnamese |
| Được phát hành: |
TP. Hồ Chí Minh :
Văn nghệ ,
1993
|
| Những chủ đề: | |
| Các nhãn: |
Thêm thẻ
Không có thẻ, Là người đầu tiên thẻ bản ghi này!
|
| Thư viện lưu trữ: | Thư viện Trường Đại học Đà Lạt |
|---|
| LEADER | 00804nam a2200265 4500 | ||
|---|---|---|---|
| 001 | DLU020015496 | ||
| 005 | ##20000817 | ||
| 020 | # | # | |a 978- |
| 041 | # | # | |a vie |
| 082 | # | # | |a 895.922 09 |b Phe |
| 245 | # | # | |a Phê bình - bình luận văn học : |b Lưu Trọng Lư, Thế Lữ (Tuyển chọn và trích dẫn những bài phê bình - bình luận văn học của các nhà văn, nhà n/c của VN và TG) |
| 260 | # | # | |a TP. Hồ Chí Minh : |b Văn nghệ , |c 1993 |
| 300 | # | # | |a 117 tr.; |c 21 cm. |
| 653 | # | # | |a Lưu Trọng Lư, 1911 - 1991 |
| 653 | # | # | |a Phê bình văn học |
| 653 | # | # | |a Thế Lữ, 1907 - 1989 |
| 992 | # | # | |a 4000 |
| 994 | # | # | |a DLU |
| 900 | # | # | |a False |
| 911 | # | # | |a Administrator |
| 925 | # | # | |a G |
| 926 | # | # | |a A |
| 927 | # | # | |a SH |
| 980 | # | # | |a Thư viện Trường Đại học Đà Lạt |